[Event "Sofia MGU op 82nd"]
[Site "Sofia"]
[Date "2013.04.06"]
[Round "3"]
[White "Drenchev, Petar"]
[Black "Iliev, Dimitar"]
[Result "1/2-1/2"]
[WhiteElo "2490"]
[BlackElo "2145"]
[PlyCount "68"]
[EventDate "2013.04.06"]
[EventType "swiss"]
[EventRounds "6"]
[EventCountry "BUL"]
[SourceTitle "CBM 153 Extra"]
[Source "ChessBase"]
[SourceDate "2013.04.22"]
[SourceVersion "1"]
[SourceVersionDate "2013.04.22"]
[SourceQuality "1"]

1. e4 e5 2. Nf3 d6 3. d4 exd4 4. Nxd4 Nf6 5. f3 Be7 6. c4 0-0 7. Nc3 Nc6 8. Be3 Nxd4 9. Bxd4 Be6 10. Qd2 Nh5 11. Be3 a6 12. Nd5 Bxd5 13. Qxd5 g6 14. Be2 c6 15. Qd2 a5 16. 0-0 a4 17. Rad1 Qa5 18. Qc2 Rfd8 19. f4 Nf6 20. Kh1 d5 21. e5 Ne4 22. Bf3 Bc5 23. Bxc5 Qxc5 24. Bxe4 dxe4 25. Qxe4 Qf2 26. e6 Qxb2 27. exf7+ Kxf7 28. f5 Kg8 29. Qe6+ Kh8 30. Rxd8+ Rxd8 31. f6 Qf2 32. Rb1 Rf8 33. h3 Qxf6 34. Qxf6+ Rxf6 1/2-1/2

[Event "Sofia MGU op 82nd"]
[Site "Sofia"]
[Date "2013.04.06"]
[Round "2"]
[White "Iliev, Dimitar"]
[Black "Andreev, Dobrotich"]
[Result "1-0"]
[WhiteElo "2145"]
[BlackElo "2075"]
[PlyCount "71"]
[EventDate "2013.04.06"]
[EventType "swiss"]
[EventRounds "6"]
[EventCountry "BUL"]
[SourceTitle "CBM 153 Extra"]
[Source "ChessBase"]
[SourceDate "2013.04.22"]
[SourceVersion "1"]
[SourceVersionDate "2013.04.22"]
[SourceQuality "1"]

1. e4 c6 2. d4 d5 3. e5 Bf5 4. Nc3 e6 5. g4 Bg6 6. Nge2 c5 7. h4 h5 8. Nf4 cxd4 9. Nxg6 dxc3 10. Nxh8 Qa5 11. b4 Qc7 12. Bb5+ Nc6 13. Bxc6+ bxc6 14. g5 g6 15. 0-0 Ne7 16. Qf3 Nf5 17. Qxc3 Bg7 18. Nxf7 Kxf7 19. Bf4 Nxh4 20. Rad1 Bxe5 21. Bxe5 Qxe5 22. Qxe5 Nf3+ 23. Kg2 Nxe5 24. Rd4 Ke7 25. Re1 Nd7 26. b5 Rc8 27. bxc6 Rxc6 28. Rxd5 Rxc2 29. Ra5 Rc4 30. Kg3 Rc7 31. f4 Nc5 32. f5 gxf5 33. Kh4 Kd6 34. Kxh5 e5 35. g6 Ke6 36. Rc1 1-0